College Football - Team Logos: The American - Statistics

General Stats
  • This quiz has been taken 298 times
    185 since last reset
  • The average score is 8 of 14
Answer Stats
Question Answer % Correct
Choose the American team:
77%
Choose the American team:
67%
Choose the American team:
59%
Choose the American team:
59%
Choose the American team:
59%
Choose the American team:
58%
Choose the American team:
58%
Choose the American team:
56%
Choose the American team:
56%
Choose the American team:
55%
Choose the American team:
55%
Choose the American team:
48%
Choose the American team:
45%
Choose the American team:
41%
No matching quizzes found
Score Distribution
Percent of People with Each Score
Percentile by Number Answered
Your Score History
You have not taken this quiz since the last reset